Statistiques concernant Rugby - Les derniers capitaines du XV de France.

Cliquez ici pour prendre le quiz!

Statistiques générales

  • Ce quiz a été pris 4 512 fois
    (2 349 depuis la dernière actualisation)
  • Le résultat moyen est 15 sur 19

Statistiques - réponses

Réponse% Correct
Antoine Dupont
98%
Charles Ollivon
95%
Grégory Alldritt
94%
Anthony Jelonch
90%
Thierry Dusautoir
89%
Morgan Parra
86%
Baptiste Serin
85%
Brice Dulin
84%
Matthieu Bastareaud
81%
Guilhem Guirado
78%
Baptiste Couilloud
74%
Jules Plisson
74%
Aurélien Rougerie
69%
Pascal Papé
67%
Louis Picamoles
66%
Jefferson Poirot
65%
Yoann Maestri
54%
Dimitri Szarzewski
53%
Nicolas Mas
53%

Distribution des résultats

Percentile par nombre de réponses

% des personnes avec chaque résultat

Votre développement - résultats

Vous n’avez pas pris ce quiz depuis la dernière actualisation